[Event "Long classical games"]
[Site "SchemingMind.com"]
[Date "2012.06.01"]
[Round "-"]
[White "Till Plewe"]
[Black "GBEDARD"]
[Result "1-0"]
[WhiteCountry "JPN"]
[BlackCountry "USA"]
[WhiteElo "2340"]
[WhiteRD "78"]
[BlackElo "2260"]
[BlackRD "84"]
[GameID "311404"]

1. e4 d6 2. d4 Nf6 3. Nc3 g6 4. f4 Bg7 5. Nf3 O-O 6. Be3 Nc6 7. Be2 e6 8. Qd2 b6 9. O-O-O Bb7 10. e5 Ng4
11. h3 Nxe3 12. Qxe3 Ne7 13. g4 Nd5 14. Nxd5 Bxd5 15. Kb1 f5 16. Rhg1 Qd7 17. gxf5 Rxf5 18. Ng5 Raf8 19. c4 h6 20. cxd5 hxg5
21. Qb3 Qe7 22. h4 Rxf4 23. Rxg5 dxe5 24. Rdg1 R8f7 25. dxe6 R7f6 26. dxe5 Qxe6 27. exf6 Qxb3 28. axb3 Rxf6 29. Rxg6
1-0

[Event "Long classical games"]
[Site "SchemingMind.com"]
[Date "2012.05.30"]
[Round "-"]
[White "Till Plewe"]
[Black "miriskra"]
[Result "1-0"]
[WhiteCountry "JPN"]
[BlackCountry "WLS"]
[WhiteElo "2269"]
[WhiteRD "85"]
[BlackElo "1798"]
[BlackRD "65"]
[GameID "311405"]

1. e4 e6 2. d4 d5 3. Nd2 dxe4 4. Nxe4 Nd7 5. Nf3 Ngf6 6. Bd3 Nxe4 7. Bxe4 Nf6 8. Bg5 Be7 9. Bxf6 Bxf6 10. Qd3 h6
11. Bxb7 Bxb7 12. Qb5+ c6 13. Qxb7 O-O 14. Qxc6 Rc8 15. Qe4 Qa5+ 16. c3 Qb5 17. Qe2
1-0

[Event "Long classical games"]
[Site "SchemingMind.com"]
[Date "2012.06.01"]
[Round "-"]
[White "Till Plewe"]
[Black "emvarela"]
[Result "1-0"]
[WhiteCountry "JPN"]
[BlackCountry "ARG"]
[WhiteElo "2349"]
[WhiteRD "73"]
[BlackElo "1731"]
[BlackRD "50"]
[GameID "311406"]

1. e4 e5 2. Nf3 Nc6 3. Bb5 f5 4. Nc3 Nf6 5. exf5 Nd4 6. Nxe5 Nxb5 7. Nxb5 d6 8. Ng4 Nxg4 9. Qxg4 Qe7+ 10. Kd1 Kd8
11. d3 Qd7 12. Nd4 Qf7 13. Re1 Be7 14. Bg5 Bxg5 15. Qxg5+ Qf6 16. Ne6+ Bxe6 17. Qxf6+ gxf6 18. Rxe6 Rf8 19. Kd2 Kd7 20. Rae1 Rf7
21. R1e4 Rg8 22. g3 Rgg7 23. Ke3 h5 24. h3 d5 25. Rd4 c6 26. c4 Re7 27. cxd5 Rxe6+ 28. dxe6+ Ke8 29. Rh4 Rg5 30. g4 hxg4
31. hxg4 Rg8 32. Kf4 Rg7 33. Rh6 Ke7 34. Rh8 Kd6 35. Rd8+ Kc7 36. Rf8 Kd6 37. Rxf6 c5 38. g5
1-0

[Event "Long classical games"]
[Site "SchemingMind.com"]
[Date "2012.06.04"]
[Round "-"]
[White "Till Plewe"]
[Black "Uzi Mike"]
[Result "1/2-1/2"]
[WhiteCountry "JPN"]
[BlackCountry "USA"]
[WhiteElo "2357"]
[WhiteRD "66"]
[BlackElo "2401"]
[BlackRD "87"]
[GameID "311407"]

1. e4 c5 2. Nf3 d6 3. d4 cxd4 4. Nxd4 Nf6 5. Nc3 g6 6. Be3 Bg7 7. f3 Nc6 8. Qd2 O-O 9. Bc4 Bd7 10. Bb3 Nxd4
11. Bxd4 b5 12. a4 b4 13. Nd5 Nxd5 14. Bxg7 Kxg7 15. exd5 Qa5 16. h4 e5 17. h5 Rh8 18. Rh4 Rab8 19. h6+ Kf6 20. f4 Rhe8
21. O-O-O e4 22. f5 gxf5 23. Qf4 Qb6 24. Kb1 Rg8 25. g4 Rg5 26. gxf5 Rbg8 27. Qxe4 a5 28. Ka2 Re8 29. Qf4 Re5 30. Rhh1 Qe3
31. Qc4 Qc5 32. Qa6 Rg4 33. Rhe1 Ree4 34. Rxe4 Rxe4 35. Rd3 Re5 36. Rg3 Re1 37. Qa8 Re8 38. Qa6 Re1 39. Qa8=
1/2-1/2

[Event "Long classical games"]
[Site "SchemingMind.com"]
[Date "2012.05.30"]
[Round "-"]
[White "Till Plewe"]
[Black "Luki212"]
[Result "1-0"]
[WhiteCountry "JPN"]
[BlackCountry "SVK"]
[WhiteElo "2340"]
[WhiteRD "78"]
[BlackElo "2072"]
[BlackRD "71"]
[GameID "311408"]

1. e4 e5 2. Nf3 Nc6 3. Bb5 a6 4. Ba4 Nf6 5. O-O Be7 6. Re1 d6 7. c3 Bg4 8. d3 Nd7 9. Be3 O-O 10. Nbd2 Nb6
11. Bb3 Bh5 12. Nf1 Bg6 13. Ng3 Bf6 14. a4 Re8 15. h3 h6 16. Nh2 Nd7 17. Qg4 Kh8 18. Nh5 Be7 19. Bxf7
1-0

[Event "Long classical games"]
[Site "SchemingMind.com"]
[Date "2012.05.31"]
[Round "-"]
[White "harsh"]
[Black "Till Plewe"]
[Result "0-1"]
[WhiteCountry "IND"]
[BlackCountry "JPN"]
[WhiteElo "1990"]
[WhiteRD "79"]
[BlackElo "2340"]
[BlackRD "78"]
[GameID "311409"]

1. d4 f5 2. c4 Nf6 3. Nf3 g6 4. g3 Bg7 5. Bg2 O-O 6. O-O d6 7. Nc3 Qe8 8. b3 Na6 9. Bb2 e5 10. dxe5 dxe5
11. e4 f4 12. gxf4 Nh5 13. fxe5 c6 14. Ne2 Bg4 15. Qd3 Nc5 16. Qe3 Ne6 17. Ba3 c5 18. Rfe1 Qf7 19. Ng5 Nxg5 20. Bxc5 Bh6
21. Bxf8 Rxf8 22. e6 Nxe6 23. Qxa7 Bxe2 24. Rxe2 Nhf4 25. Rc2 Nxg2 26. Kxg2 Qf3+
0-1

[Event "Long classical games"]
[Site "SchemingMind.com"]
[Date "2012.05.31"]
[Round "-"]
[White "Jari Laine"]
[Black "Till Plewe"]
[Result "1/2-1/2"]
[WhiteCountry "FIN"]
[BlackCountry "JPN"]
[WhiteElo "2355"]
[WhiteRD "68"]
[BlackElo "2349"]
[BlackRD "73"]
[GameID "311410"]

1. e4 e5 2. Nf3 Nc6 3. c3 d5 4. Qa4 Bd7 5. exd5 Nd4 6. Qd1 Nxf3+ 7. Qxf3 Bd6 8. d3 f5 9. Be2 Nf6 10. Bg5 O-O
11. Nd2 Qe8 12. Nc4 Qg6 13. Bxf6 Rxf6 14. O-O c6 15. Rfe1 Bc7 16. d6 Bxd6 17. Nxd6 Rxd6 18. Qe3 Qh6 19. Bd1 Qxe3 20. Rxe3 Re8
21. Bb3+ Kf8 22. Rae1 f4 23. Rxe5=
1/2-1/2

[Event "Long classical games"]
[Site "SchemingMind.com"]
[Date "2012.05.31"]
[Round "-"]
[White "opageo"]
[Black "Till Plewe"]
[Result "0-1"]
[WhiteCountry "SCO"]
[BlackCountry "JPN"]
[WhiteElo "2118"]
[WhiteRD "91"]
[BlackElo "2323"]
[BlackRD "76"]
[GameID "311411"]

1. d4 f5 2. Nf3 Nf6 3. Bg5 e6 4. e3 Be7 5. Nbd2 O-O 6. Bd3 d5 7. O-O b6 8. Ne5 Bb7 9. c4 Nbd7 10. Ndf3 c5
11. Rc1 Nxe5 12. Nxe5 Bd6 13. Re1 h6 14. Bf4 g5 15. Bg3 cxd4 16. Ng6 dxe3 17. Nxf8 Qxf8 18. fxe3 Bxg3 19. hxg3 Qb8 20. Re2 Qxg3
21. Qe1 Qd6 22. Rd2 Ng4 23. g3 Ne5 24. Be2 Qc5 25. Qf2 dxc4 26. Rcd1 Be4 27. a3 Bd3 28. Bf3 Rf8 29. b4 cxb3 30. Rxd3 Nxd3
31. Rxd3 Qc1+ 32. Qf1 b2 33. Rd1 Qxe3+ 34. Qf2 Qxf2+ 35. Kxf2 Rc8 36. Rb1 Rc2+ 37. Ke3 g4 38. Be2 Kf7
0-1

[Event "Long classical games"]
[Site "SchemingMind.com"]
[Date "2012.06.01"]
[Round "-"]
[White "GBEDARD"]
[Black "Till Plewe"]
[Result "1/2-1/2"]
[WhiteCountry "USA"]
[BlackCountry "JPN"]
[WhiteElo "2220"]
[WhiteRD "85"]
[BlackElo "2353"]
[BlackRD "77"]
[GameID "311412"]

1. e4 e5 2. Nf3 Nc6 3. Bb5 a6 4. Ba4 Nf6 5. O-O Be7 6. Re1 b5 7. Bb3 d6 8. c3 O-O 9. d4 Bg4 10. Be3 exd4
11. cxd4 d5 12. e5 Ne4 13. Nc3 Nxc3 14. bxc3 f5 15. h3 Bh5 16. Bf4 Na5 17. Qd3 Nxb3 18. axb3 c6 19. e6 Bxf3 20. Qxf3 a5
21. Qg3 Rf6 22. Qd3 Qe8 23. Bg5 Rf8 24. Bxe7 Qxe7 25. c4 dxc4 26. bxc4 b4 27. d5 Qd6 28. e7 Rfe8 29. Qxf5 cxd5 30. Rad1 a4
31. Rxd5 Qg6 32. Qe5 a3 33. Red1 a2 34. Rd8 a1=Q 35. Rxa1 Raxd8 36. exd8=Q Rxd8 37. Ra7 Qf6 38. Qxf6 gxf6 39. Rb7 Rd1+ 40. Kh2 Rb1
41. g4 b3 42. Kg3 Rc1 43. Rxb3 Rxc4 44. Rb7 Rc5 45. h4 h5 46. f3 Ra5 47. Kf4 hxg4 48. fxg4 Rc5 49. h5 Ra5 50. Rd7 Rb5
51. Ra7 Rc5 52. h6 Rb5 53. Rg7+ Kf8 54. Ke4 Re5+ 55. Kf3 Ra5 56. Rd7 Kg8 57. Kf4 Rb5 58. Re7 Ra5 59. Rb7 Rc5=
1/2-1/2

[Event "Long classical games"]
[Site "SchemingMind.com"]
[Date "2012.05.30"]
[Round "-"]
[White "miriskra"]
[Black "Till Plewe"]
[Result "0-1"]
[WhiteCountry "WLS"]
[BlackCountry "JPN"]
[WhiteElo "1773"]
[WhiteRD "66"]
[BlackElo "2323"]
[BlackRD "76"]
[GameID "311413"]

1. d4 f5 2. c4 Nf6 3. g3 g6 4. Bg2 Bg7 5. Nc3 O-O 6. Nf3 d6 7. O-O Qe8 8. d5 a5 9. Qc2 Na6 10. a3 Nc5
11. b3 c6 12. dxc6 bxc6 13. Bb2 Rb8 14. Nd2 e5 15. Rfd1 e4 16. e3 Ng4 17. Rab1 Nd3 18. Rf1 Ndxf2 19. Rxf2 Nxe3 20. Qc1 Nxg2
21. Rxg2 e3 22. Nf1 f4 23. gxf4 Bf5 24. Ra1 Rxb3 25. Re2 Bg4 26. Rxe3 Bd4
0-1

[Event "Long classical games"]
[Site "SchemingMind.com"]
[Date "2012.06.04"]
[Round "-"]
[White "emvarela"]
[Black "Till Plewe"]
[Result "0-1"]
[WhiteCountry "ARG"]
[BlackCountry "JPN"]
[WhiteElo "1757"]
[WhiteRD "48"]
[BlackElo "2353"]
[BlackRD "77"]
[GameID "311414"]

1. e4 e5 2. Nf3 Nc6 3. Bb5 a6 4. Bxc6 dxc6 5. O-O Ne7 6. d4 exd4 7. Nxd4 c5 8. Nb3 Qxd1 9. Rxd1 Ng6 10. Bg5 Be6
11. Nc3 h6 12. Be3 b6 13. f4 Bd7 14. Nd5 O-O-O 15. f5 Ne7 16. Nxe7+ Bxe7 17. Nd2 Bf6 18. c3 Bc6 19. Bf4 Rhe8 20. Re1 Be5
21. Bxe5 Rxe5 22. Re2 Rde8 23. Rae1 g6 24. fxg6 fxg6 25. Kf2 g5 26. Nf3 Rxe4 27. Rxe4 Bxe4 28. Nd2 Rf8+ 29. Kg3 Bd5 30. Nf3 Bxa2
31. Ra1 Bc4 32. Ne5 Be2 33. Re1 Bh5 34. Nf3 Rf6 35. b4 cxb4 36. cxb4 Bxf3 37. gxf3 Rf4
0-1

[Event "Long classical games"]
[Site "SchemingMind.com"]
[Date "2012.06.04"]
[Round "-"]
[White "Uzi Mike"]
[Black "Till Plewe"]
[Result "1/2-1/2"]
[WhiteCountry "USA"]
[BlackCountry "JPN"]
[WhiteElo "2392"]
[WhiteRD "80"]
[BlackElo "2334"]
[BlackRD "70"]
[GameID "311415"]

1. d4 f5 2. g3 Nf6 3. Bg2 g6 4. Nf3 Bg7 5. O-O O-O 6. c4 d6 7. d5 Na6 8. Nd4 Bd7 9. Nc3 Qe8 10. Rb1 c6
11. b3 Nc7 12. Bb2 c5 13. Nc2 g5 14. e4 f4 15. e5 dxe5 16. Na4 Na6 17. Bxe5 Qg6 18. Re1 Rf7 19. Rc1 Raf8 20. Qd2 Ng4
21. Bxg7 Qxg7 22. f3 Ne5 23. Qc3 Ng6 24. Qxg7+ Kxg7 25. g4 Bxa4 26. bxa4 Nb8 27. Na3 Nd7 28. Nb5 Nde5 29. Re4 e6 30. Rce1 Nd3
31. Rd1 exd5 32. cxd5 Nge5 33. Nxa7 c4 34. Nb5 Ra8 35. Nc3 Rd7 36. Rb1 Ra6 37. Rb5 h6 38. Kf1 Nf7=
1/2-1/2

[Event "Long classical games"]
[Site "SchemingMind.com"]
[Date "2012.05.30"]
[Round "-"]
[White "Luki212"]
[Black "Till Plewe"]
[Result "0-1"]
[WhiteCountry "SVK"]
[BlackCountry "JPN"]
[WhiteElo "2058"]
[WhiteRD "77"]
[BlackElo "2269"]
[BlackRD "85"]
[GameID "311416"]

1. c4 f5 2. Nf3 Nf6 3. Nc3 g6 4. d4 Bg7 5. Bg5 O-O 6. e3 d6 7. Qb3 Kh8 8. Bd3 Qe8 9. Bxf6 Bxf6 10. Nd5 Na6
11. h4 Bg7 12. h5 c6 13. Nf4 e5 14. dxe5 dxe5 15. Nxg6+ hxg6 16. hxg6+ Kg8 17. c5+ Be6 18. Bc4 Nxc5
0-1

[Event "Long classical games"]
[Site "SchemingMind.com"]
[Date "2012.05.31"]
[Round "-"]
[White "Olli Ylönen"]
[Black "harsh"]
[Result "0-1"]
[WhiteCountry "FIN"]
[BlackCountry "IND"]
[WhiteElo "1893"]
[WhiteRD "56"]
[BlackElo "2017"]
[BlackRD "77"]
[GameID "311425"]

1. e4 Nc6 2. Nf3 Nf6 3. e5 Ng4 4. d4 d6 5. h3 Nh6 6. Bb5 a6 7. Bxc6+ bxc6 8. O-O g6 9. Bf4 Bg7 10. Qd2 Nf5
11. g4 dxe5 12. dxe5 Qxd2 13. Nbxd2 Bh6 14. Bxh6 Nxh6 15. Ne4 O-O 16. c4 f5 17. exf6 exf6 18. Nc5 Nf7 19. Nd4 Ne5 20. b3 Rd8
21. Nde6 Bxe6 22. Nxe6 Rd6 23. Nf4= Rad8 24. Kg2 Kf7 25. f3 Rd2+ 26. Kg3 g5 27. Ng2 R8d3 28. h4 Nxg4 29. hxg5 fxg5 30. Ne1 Ne3
31. Rh1 Rd4 32. Rxh7+ Kg6 33. Nd3 Nf5+
0-1

[Event "Long classical games"]
[Site "SchemingMind.com"]
[Date "2012.05.31"]
[Round "-"]
[White "Olli Ylönen"]
[Black "Jari Laine"]
[Result "1/2-1/2"]
[WhiteCountry "FIN"]
[BlackCountry "FIN"]
[WhiteElo "1863"]
[WhiteRD "56"]
[BlackElo "2352"]
[BlackRD "72"]
[GameID "311426"]

1. e4 b6 2. d4 Bb7 3. Nc3 e6 4. Bd3 Nf6 5. Nge2 c5 6. d5 exd5 7. exd5 Nxd5 8. Nxd5 Bxd5 9. Nf4 Qe7+ 10. Be3 Bb7
11. O-O Nc6 12. Re1 O-O-O 13. a4 Qd6 14. Bc4 Qxd1 15. Rexd1 Nb4 16. c3 Nc2 17. Ra2 Nxe3 18. fxe3 Re8 19. Kf2 g5=
1/2-1/2

[Event "Long classical games"]
[Site "SchemingMind.com"]
[Date "2012.05.31"]
[Round "-"]
[White "Olli Ylönen"]
[Black "opageo"]
[Result "0-1"]
[WhiteCountry "FIN"]
[BlackCountry "SCO"]
[WhiteElo "1845"]
[WhiteRD "53"]
[BlackElo "2125"]
[BlackRD "92"]
[GameID "311427"]

1. e4 c6 2. d4 d5 3. exd5 cxd5 4. Bd3 Nc6 5. c3 Nf6 6. Bf4 Qb6 7. Qb3 Qxb3 8. axb3 Nh5 9. Be3 e6 10. b4 Bd6
11. b5 Ne7 12. Ne2 O-O 13. O-O Ng6 14. Nd2 Nf6 15. Nf3 Ng4 16. Bxg6 fxg6 17. h3 Nxe3 18. fxe3 Bd7 19. c4 dxc4 20. Nc3 Rfc8
21. Nd2 Bb4 22. Rac1 Bxb5 23. Nxb5 Bxd2
0-1

[Event "Long classical games"]
[Site "SchemingMind.com"]
[Date "2012.06.01"]
[Round "-"]
[White "Olli Ylönen"]
[Black "GBEDARD"]
[Result "0-1"]
[WhiteCountry "FIN"]
[BlackCountry "USA"]
[WhiteElo "1845"]
[WhiteRD "53"]
[BlackElo "2260"]
[BlackRD "84"]
[GameID "311428"]

1. e4 d6 2. d4 Nf6 3. Nc3 g6 4. f4 Bg7 5. Nf3 O-O 6. Bd3 Nc6 7. e5 dxe5 8. fxe5 Nh5 9. Be3 Bg4 10. Be2 f6
11. exf6 exf6 12. Qd2 Ne7 13. O-O Nf5 14. h3 Nxe3 15. Qxe3 Re8 16. Qd2 Be6 17. d5 Bf7 18. Bb5 Re7 19. Rfe1 f5 20. Rxe7 Qxe7
21. Re1 Qd6 22. Bc4 Qc5+
0-1

[Event "Long classical games"]
[Site "SchemingMind.com"]
[Date "2012.05.31"]
[Round "-"]
[White "Olli Ylönen"]
[Black "miriskra"]
[Result "1-0"]
[WhiteCountry "FIN"]
[BlackCountry "WLS"]
[WhiteElo "1877"]
[WhiteRD "56"]
[BlackElo "1787"]
[BlackRD "69"]
[GameID "311429"]

1. e4 e6 2. d4 d5 3. Nc3 Bb4 4. e5 c5 5. a3 Bxc3+ 6. bxc3 Qc7 7. Qg4 Ne7 8. Qxg7 Rg8 9. Qxh7 cxd4 10. Ne2 dxc3
11. f4 b6 12. Nd4 a6 13. Be3 Nd7 14. Be2 Bb7 15. Bh5 O-O-O 16. Qxf7 Nc6 17. Nxe6
1-0

[Event "Long classical games"]
[Site "SchemingMind.com"]
[Date "2012.06.01"]
[Round "-"]
[White "Olli Ylönen"]
[Black "emvarela"]
[Result "1/2-1/2"]
[WhiteCountry "FIN"]
[BlackCountry "ARG"]
[WhiteElo "1863"]
[WhiteRD "56"]
[BlackElo "1717"]
[BlackRD "50"]
[GameID "311430"]

1. Nf3 d5 2. c4 d4 3. g3 c5 4. Bg2 Nc6 5. O-O Nf6 6. e3 dxe3 7. dxe3 Bg4 8. Nbd2 Bxf3 9. Nxf3 e6 10. b3 Be7
11. Bb2 Qxd1 12. Rfxd1 Rd8 13. Rxd8+ Kxd8 14. Ne5 Nxe5 15. Bxe5 Kc8 16. Rd1 b6=
1/2-1/2

[Event "Long classical games"]
[Site "SchemingMind.com"]
[Date "2012.06.04"]
[Round "-"]
[White "Olli Ylönen"]
[Black "Uzi Mike"]
[Result "0-1"]
[WhiteCountry "FIN"]
[BlackCountry "USA"]
[WhiteElo "1863"]
[WhiteRD "56"]
[BlackElo "2370"]
[BlackRD "82"]
[GameID "311431"]

1. e4 Nf6 2. e5 Nd5 3. d4 d6 4. Nf3 Nc6 5. c4 Nb6 6. exd6 exd6 7. Nc3 Be7 8. Be2 O-O 9. O-O Bg4 10. b3 Bf6
11. Be3 d5 12. c5 Nc8 13. h3 Be6 14. Qd2 N8e7 15. g4 Ng6 16. Nh2 Be7 17. f4 f5 18. g5 b6 19. cxb6 axb6 20. Nf3 Bb4
21. h4 Bf7 22. h5 Nge7 23. Ne5 Nxe5 24. fxe5 c5 25. Bf4 cxd4 26. Qxd4 Bc5
0-1

[Event "Long classical games"]
[Site "SchemingMind.com"]
[Date "2012.06.02"]
[Round "-"]
[White "Olli Ylönen"]
[Black "Luki212"]
[Result "0-1"]
[WhiteCountry "FIN"]
[BlackCountry "SVK"]
[WhiteElo "1893"]
[WhiteRD "56"]
[BlackElo "2021"]
[BlackRD "75"]
[GameID "311432"]

1. e4 c5 2. Nf3 d6 3. d4 Nf6 4. Nc3 cxd4 5. Nxd4 Nc6 6. Bg5 Bd7 7. Qd2 Nxd4 8. Qxd4 Qa5 9. f4 h6 10. Bxf6 gxf6
11. O-O-O Rc8 12. Kb1 Qc5 13. Qxc5 Rxc5 14. Be2 f5 15. exf5 Bxf5 16. g4 Bd7 17. Ne4 Ra5 18. Rhe1 Kd8 19. c3 Kc7 20. Bc4 Bxg4
21. Rd5 Rxd5 22. Bxd5 e6 23. Bb3 Bf5 24. Bc2 Rg8 25. Ng3 Bxc2+ 26. Kxc2 h5 27. Re2 h4 28. Ne4 Be7 29. h3 Rg1 30. c4 Kc6
31. b3 a5 32. Rf2 Rh1 33. Ng5 Bxg5 34. fxg5 Rxh3 35. Rxf7 Rh2+ 36. Kb1 Rg2 37. Rh7 Rxg5 38. Rxh4 Rg1+ 39. Kb2 Rg2+ 40. Kb1 Kc5
41. Rh6 e5 42. Re6 Rd2 43. Re7 b6 44. Re6 a4
0-1

[Event "Long classical games"]
[Site "SchemingMind.com"]
[Date "2012.05.31"]
[Round "-"]
[White "Olli Ylönen"]
[Black "Till Plewe"]
[Result "0-1"]
[WhiteCountry "FIN"]
[BlackCountry "JPN"]
[WhiteElo "1893"]
[WhiteRD "56"]
[BlackElo "2349"]
[BlackRD "73"]
[GameID "311433"]

1. e4 e5 2. Nf3 Nc6 3. d4 exd4 4. Nxd4 Nf6 5. Nxc6 bxc6 6. e5 Qe7 7. Qe2 Nd5 8. c4 Nb6 9. Nc3 Qe6 10. Qe4 g6
11. f4 d5 12. cxd5 cxd5 13. Qc2 c6 14. Bd3 Bc5 15. Nb5 Bb4+ 16. Nc3 Bc5 17. Nb5= Bb4+ 18. Nc3 O-O 19. O-O Nd7 20. a3 Ba5
21. Ne2 c5 22. b3 Bb7 23. Ng3 Rac8 24. Kh1 c4 25. bxc4 Nc5 26. cxd5 Bxd5 27. f5 Qc6 28. Rf2 Be1 29. Re2 Nxd3 30. Qxd3 Bc4
31. Qe4 Qxe4 32. Rxe4 Bc3
0-1

[Event "Long classical games"]
[Site "SchemingMind.com"]
[Date "2012.05.31"]
[Round "-"]
[White "harsh"]
[Black "Olli Ylönen"]
[Result "0-1"]
[WhiteCountry "IND"]
[BlackCountry "FIN"]
[WhiteElo "2017"]
[WhiteRD "77"]
[BlackElo "1893"]
[BlackRD "56"]
[GameID "311434"]

1. d4 Nf6 2. c4 g6 3. Nc3 d5 4. cxd5 Nxd5 5. e4 Nxc3 6. bxc3 Bg7 7. Bc4 c5 8. Ne2 Nc6 9. Be3 O-O 10. O-O Qc7
11. Rc1 b6 12. dxc5 bxc5 13. Qd5 Ne5 14. Qxa8 Nxc4 15. Qd5 Nxe3 16. fxe3 Bh6 17. Nf4 e5 18. Nd3 Bxe3+ 19. Kh1 Bxc1 20. Rxc1 c4
21. Nxe5 Be6 22. Qb5 Rb8 23. Qa4 Qxe5 24. Qxa7 Kg7 25. a4 Rb3 26. Qd4 Qxd4 27. cxd4 Ra3 28. d5 Bd7 29. h3 Rxa4 30. g4 Kf6
31. Rf1+ Ke5 32. Rxf7 c3 33. Rxd7 c2 34. Rc7 Ra1+
0-1

[Event "Long classical games"]
[Site "SchemingMind.com"]
[Date "2012.05.31"]
[Round "-"]
[White "Jari Laine"]
[Black "Olli Ylönen"]
[Result "1-0"]
[WhiteCountry "FIN"]
[BlackCountry "FIN"]
[WhiteElo "2355"]
[WhiteRD "68"]
[BlackElo "1893"]
[BlackRD "56"]
[GameID "311435"]

1. e4 e5 2. Nf3 Nc6 3. c3 d5 4. Qa4 Bd7 5. exd5 Nd4 6. Qd1 Nxf3+ 7. Qxf3 Nf6 8. Bc4 e4 9. Qe2 Bd6 10. d4 O-O
11. Bg5 h6 12. Bh4 Re8 13. Nd2 Bf4 14. Bxf6 Qxf6 15. Nf1 b5 16. Bb3 a5 17. g3 Bd6 18. a4 b4 19. Ne3 c6 20. dxc6 Bxc6
21. O-O bxc3 22. bxc3 Kh8 23. Qc4 Rec8 24. Qxf7 Qxf7 25. Bxf7 Bd7 26. Bd5 Bc6 27. Rfb1 Bxd5 28. Nxd5 Rab8 29. Rb5 Rxb5 30. axb5
1-0

[Event "Long classical games"]
[Site "SchemingMind.com"]
[Date "2012.06.01"]
[Round "-"]
[White "opageo"]
[Black "Olli Ylönen"]
[Result "1-0"]
[WhiteCountry "SCO"]
[BlackCountry "FIN"]
[WhiteElo "2118"]
[WhiteRD "91"]
[BlackElo "1863"]
[BlackRD "56"]
[GameID "311436"]

1. d4 Nf6 2. Bg5 Ne4 3. Bf4 c5 4. f3 Qa5+ 5. c3 Nf6 6. Nd2 cxd4 7. Nb3 Qb6 8. Qxd4 Nc6 9. Qxb6 axb6 10. Bg5 d5
11. Nd4 Nxd4 12. cxd4 Bd7 13. e3 e6 14. Bd3 b5 15. Ne2 Bd6 16. e4 dxe4 17. fxe4 O-O 18. O-O Be7 19. e5 Nd5 20. Bxe7 Nxe7
21. Nc3 b4 22. Ne4 h6 23. Nd6 Bc6 24. Bc4 Nd5= 25. Bb3 Ne3 26. Rfc1 Bxg2 27. Kf2 Nf5 28. Nxf5 exf5 29. Kxg2 Rac8 30. e6 Rxc1
31. exf7+
1-0

[Event "Long classical games"]
[Site "SchemingMind.com"]
[Date "2012.06.02"]
[Round "-"]
[White "GBEDARD"]
[Black "Olli Ylönen"]
[Result "1-0"]
[WhiteCountry "USA"]
[BlackCountry "FIN"]
[WhiteElo "2243"]
[WhiteRD "83"]
[BlackElo "1863"]
[BlackRD "56"]
[GameID "311437"]

1. e4 c6 2. d4 d5 3. Nc3 dxe4 4. Nxe4 Bf5 5. Ng3 Bg6 6. h4 h6 7. Nf3 Nd7 8. h5 Bh7 9. Bd3 Bxd3 10. Qxd3 e6
11. Bd2 Ngf6 12. O-O-O Be7 13. Ne4 Nxe4 14. Qxe4 Nf6 15. Qe2 Qd5 16. c4 Qe4 17. Rde1 Qxe2 18. Rxe2 O-O 19. Ne5 Rfd8 20. Bc3 Rac8
21. f3 c5 22. dxc5 Bxc5 23. g4 Bd4 24. Bxd4 Rxd4 25. Rd1 Rxd1+ 26. Kxd1 Rc7 27. Rd2 Kh7 28. Rd8 g6 29. hxg6+ fxg6 30. Ke2 b6
31. Rd6 Rc8 32. Rxe6 Re8 33. Rxe8 Nxe8 34. b4 Kg7 35. Ke3 Kf6 36. Nc6 a6 37. Nb8
1-0

[Event "Long classical games"]
[Site "SchemingMind.com"]
[Date "2012.05.31"]
[Round "-"]
[White "miriskra"]
[Black "Olli Ylönen"]
[Result "0-1"]
[WhiteCountry "WLS"]
[BlackCountry "FIN"]
[WhiteElo "1783"]
[WhiteRD "66"]
[BlackElo "1893"]
[BlackRD "56"]
[GameID "311438"]

1. d4 Nf6 2. c4 g6 3. Nc3 Bg7 4. e4 d6 5. f3 O-O 6. Be3 Nc6 7. Nge2 a6 8. Qd2 Rb8 9. d5 Ne5 10. Nc1 e6
11. Be2 exd5 12. cxd5 c6 13. dxc6 bxc6 14. O-O Qc7 15. Rd1 a5 16. Rb1 Rd8 17. h3 d5 18. exd5 cxd5 19. Bd4 Nc4 20. Bxc4 dxc4
21. Qf2 Bf5 22. Ra1 Nh5 23. Bxg7 Kxg7 24. Rxd8 Rxd8 25. g4 Nf4 26. Kh1 Bd3 27. h4 f5 28. g5 h6 29. gxh6+ Kxh6 30. Qe3 Kh5
31. N1e2 Bxe2 32. Nxe2 Nh3 33. Kg2 Rd3 34. Qe8 Nf4+ 35. Kf2 Qc5+ 36. Ke1 Ng2+ 37. Kf1 Rxf3+
0-1

[Event "Long classical games"]
[Site "SchemingMind.com"]
[Date "2012.06.04"]
[Round "-"]
[White "emvarela"]
[Black "Olli Ylönen"]
[Result "1/2-1/2"]
[WhiteCountry "ARG"]
[BlackCountry "FIN"]
[WhiteElo "1759"]
[WhiteRD "49"]
[BlackElo "1812"]
[BlackRD "55"]
[GameID "311439"]

1. e4 e5 2. Nf3 Nc6 3. Bb5 f5 4. d3 fxe4 5. dxe4 Nf6 6. O-O Bc5 7. Bg5 d6 8. Nc3 O-O 9. Nd5 Kh8 10. Bxf6 gxf6
11. Bxc6 bxc6 12. Nc3 f5 13. exf5 Bxf5 14. h3 e4 15. Nd4 Bxd4 16. Qxd4+ Qf6 17. Qxf6+ Rxf6 18. Ne2 d5 19. g4 Bd7 20. Nd4 Rg8
21. Ne2 h5 22. Ng3 hxg4 23. hxg4 Rxg4 24. Kg2 Rh6 25. Rh1 Rxh1 26. Rxh1+ Kg7 27. Re1 Rg6 28. f3 exf3+ 29. Kxf3 Re6 30. Rxe6 Bxe6
31. Ne2 c5 32. Nc3 a6 33. a3 Kf6 34. Na4 c4 35. Ke3 Ke5 36. c3 Bd7 37. Nc5 Bb5 38. a4 Be8 39. Nxa6 Bxa4 40. Nxc7 Kd6=
41. Na6 Bb5 42. Nb4 Bc6 43. Kd4 Ba8 44. Nc2=
1/2-1/2

[Event "Long classical games"]
[Site "SchemingMind.com"]
[Date "2012.06.04"]
[Round "-"]
[White "Uzi Mike"]
[Black "Olli Ylönen"]
[Result "1-0"]
[WhiteCountry "USA"]
[BlackCountry "FIN"]
[WhiteElo "2401"]
[WhiteRD "83"]
[BlackElo "1893"]
[BlackRD "56"]
[GameID "311440"]

1. Nf3 c5 2. e4 d6 3. d4 cxd4 4. Nxd4 Nf6 5. Nc3 g6 6. g3 Nc6 7. Nde2 Bg7 8. Bg2 O-O 9. O-O Rb8 10. a4 a6
11. Nd5 b5 12. axb5 axb5 13. Bg5 Nd7 14. c3 h6 15. Be3 e6 16. Nb4 Nxb4 17. cxb4 Ne5 18. Bd4 Bb7 19. Rc1 d5 20. f4 Nc4
21. e5 g5 22. Qd3 Bc8 23. b3 gxf4 24. bxc4 bxc4 25. Qd1 fxg3 26. Nxg3 Rxb4 27. Nh5 Rb3 28. Rf6 Bxf6 29. Nxf6+ Kh8 30. Qh5 Kg7
31. Rf1 Qa5 32. Ne8+ Kg8 33. Qg4+
1-0

[Event "Long classical games"]
[Site "SchemingMind.com"]
[Date "2012.05.31"]
[Round "-"]
[White "Luki212"]
[Black "Olli Ylönen"]
[Result "1-0"]
[WhiteCountry "SVK"]
[BlackCountry "FIN"]
[WhiteElo "2072"]
[WhiteRD "71"]
[BlackElo "1845"]
[BlackRD "53"]
[GameID "311441"]

1. e4 c6 2. d4 d5 3. f3 dxe4 4. fxe4 e5 5. Nf3 exd4 6. Bc4 Nf6 7. O-O Nbd7 8. e5 Nd5 9. Bxd5 cxd5 10. c3 dxc3
11. Qxd5 cxb2 12. Bxb2 Bc5+ 13. Kh1 O-O 14. e6 fxe6 15. Qxe6+ Kh8 16. Nc3 Nf6 17. Qb3 Qb6 18. Qc2 a5 19. Ng5 Bg4 20. Rxf6
1-0